Modern China's foreign policy.

Bibliographic Details
Main Author: Levi, Werner, 1912-2005
Format: Book
Language:English
Published: Minneapolis : University of Minnesota Press, [1953]
Subjects:

MARC

Tag First Indicator Second Indicator Subfields
LEADER 00000cam a2200000 4500
001 in00000060336
005 20151007082535.0
008 720921s1953 eng u
010 |a  53010470  
035 |a (OCoLC)00411777 
035 |9 AAF8032AM 
040 |c WSU  |d TXA  |d UtOrBLW 
049 |a TXAM  |c [233188] 
050 0 |a DS740.63  |b .L48 
092 |a 327.51  |b L664m 
100 1 |a Levi, Werner,  |d 1912-2005. 
245 1 0 |a Modern China's foreign policy. 
264 1 |a Minneapolis :  |b University of Minnesota Press,  |c [1953] 
300 |a 399 pages 
336 |a text  |b txt  |2 rdacontent 
337 |a unmediated  |b n  |2 rdamedia 
338 |a volume  |b nc  |2 rdacarrier 
504 |a Bibliographical references included in "Notes" (pages 357-389). 
651 0 |a China  |x Foreign relations  |y 1912-1949. 
651 0 |a China  |x Foreign relations  |y 1949- 
999 |a MARS 
999 f f |s ec6b13a8-579c-3515-878c-8c116ba84a0e  |i 86447ea7-4761-359b-a4ae-69b50f74ff7c  |t 0 
952 f f |p ric  |a Texas A&M University  |b Rellis Campus  |c Joint Library Facility  |d Remote Storage  |t 0  |e DS740.63 .L48  |h Library of Congress classification  |i unmediated -- volume  |m A14800676256 
998 f f |a DS740.63 .L48  |t 0  |l Remote Storage